MARC
| LEADER | 00000nam a2200000Ia 4500 | ||
|---|---|---|---|
| 005 | 20260427112703.0 | ||
| 526 | |b Immersive Arts | ||
| 100 | |a Casey Reas | ||
| 020 | |a 9780262028288 | ||
| 650 | |a Art Tech | ||
| 526 | |a Masters | ||
| 942 | |c BK | ||
| 245 | |a Processing Handbook | ||
| 260 | |b MIT | ||
| 999 | |c 63 |d 63 | ||
| 952 | |0 0 |1 0 |4 0 |7 0 |8 4 |a BRISTOL |b BRISTOL |d 2026-04-22 |l 0 |p 000132 |r 2026-04-27 11:27:03 |w 2026-04-27 |y BK | ||